| 000 | 00437nam a2200157 a 4500 | ||
|---|---|---|---|
| 001 | 000013431 | ||
| 005 | 20200929163228.0 | ||
| 008 | 091124s1974 dr ac 001 0 spa d | ||
| 040 |
_aDO-SdBNP _bspa _cBNPHU |
||
| 082 |
_aRD865.44 _bI358a |
||
| 245 | 0 | 0 | _aInauguración avenida Núñez de Caceres /. |
| 260 |
_aSanto Domingo : _bMargarita, _c1974. |
||
| 300 |
_a24 p. ; _c23 cm. |
||
| 650 | 4 |
_aDiscursos dominicanos _930689 |
|
| 049 | _aBNPD | ||
| 999 |
_c13057 _d13057 |
||